Amanhecer esmeralda (Record no. 188469)

MARC details
000 -LÍDER
campo de controle de tamanho fixo 00357 a2200169 4500
001 - NÚMERO DE CONTROLE
campo de controle 188469
020 ## - ISBN - INTERNATIONAL STANDARD BOOK NUMBER
ISBN - International Standard Book Number 85-7302-696-0
040 ## - FONTE DA CATALOGAÇÃO
Instituição que transcreveu o registro Magnum
100 ## - ENTRADA PRINCIPAL--NOME PESSOAL
Nome pessoal Ferréz
240 10 - TÍTULO UNIFORME
Título uniforme Amanhecer esmeralda
Idioma da obra por
245 10 - TÍTULO
Título Amanhecer esmeralda
300 ## - DESCRIÇÃO FÍSICA
Extensão 46
362 0# - DATAS DE PUBLICAÇÃO E/OU DESIGNAÇÃO SEQUENCIAL
Datas de publicação e/ou designação sequencial 2005
440 #1 - DECLARAÇÃO DE SÉRIE/ENTRADA ADICIONADA--TÍTULO
Título Objetiva
697 ## - ENTRADA DE ASSUNTO LOCAL--ENTIDADE COLETIVA (RLIN)
Nome corporativo ou nome da jurisdição LITERATURA INFANTO-JUVENIL
942 ## - ELEMENTOS DE ENTRADA ADICIONADOS (KOHA)
Tipo de material Koha Livros
Holdings
Situação do descarte Situação das perdas Situação física Não pode ser emprestado Biblioteca de origem Biblioteca atual Data de aquisição Total de empréstimos Número de chamada completo Código de barras Data de último acesso Data do preço efetivo Tipo de material Koha Fonte da classificação ou esquema de arquivamento na estante Número do exemplar
        Magnum Magnum 08/06/2024   869.2.762 MAG00061401 08/06/2024 08/06/2024 Livros    
        Portinari - Salvador Portinari - Salvador 22/07/2024   028.5 F387a 11776/CCP 22/07/2024 22/07/2024 Livros   Ex. 1